Teatro español. (Record no. 178580)

MARC details
000 -LEADER
campo de control de longitud fija 01397nam a22003375i 4500
001 - NÚMERO DE CONTROL
campo de control 178580
003 - IDENTIFICADOR DE NÚMERO DE CONTROL
campo de control ES-MaACL
005 - FECHA Y HORA DE LA ÚLTIMA TRANSACCIÓN
campo de control 20241113143125.0
008 - DATOS DE LONGITUD FIJA--INFORMACIÓN GENERAL
campo de control de longitud fija 110608s1963 sp o |||| | spa d
080 ## - NÚMERO DE LA CLASIFICACIÓN DECIMAL UNIVERSAL
Número de la Clasificación Decimal Universal 821.134.2-2"19"
245 00 - MENCIÓN DEL TÍTULO
Título Teatro español.
Nombre de parte o sección de la obra 1961-1962 /
Mención de responsabilidad, etc. prólogo, notas y apéndice por Federico Carlos Sainz de Robles.
260 ## - PUBLICACIÓN, DISTRIBUCIÓN, ETC.
Lugar de publicación, distribución, etc. Madrid :
Nombre del editor, distribuidor, etc. Aguilar,
Fecha de publicación, distribución, etc. D. L. 1963.
300 ## - DESCRIPCIÓN FÍSICA
Extensión XLIV, 416, [10] p. de fot. bl. y n. ;
Dimensiones 21 cm.
490 1# - MENCIÓN DE SERIE
Mención de serie Colección literaria. Novelistas, dramaturgos, ensayistas, poetas
505 80 - NOTA DE CONTENIDO CON FORMATO
Nota de contenido con formato Contiene: Esta noche, tampoco / José López Rubio. Rebelde / Alfonso Paso. El charlatán / Ricardo Rodríguez Buded. La camisa / Lauro Olmo. La historia de los tarantos / Alfredo Mañas
650 #4 - PUNTO DE ACCESO ADICIONAL DE MATERIA--TÉRMINO DE MATERIA
Término de materia o nombre geográfico como elemento de entrada Teatro español-
Subdivisión cronológica S.XX.
9 (RLIN) 17356
700 1# - ENTRADA AGREGADA--NOMBRE PERSONAL
Nombre de persona Sainz de Robles, Federico Carlos,
Fechas asociadas al nombre 1898-1982
9 (RLIN) 101593
700 1# - ENTRADA AGREGADA--NOMBRE PERSONAL
Nombre de persona López Rubio, José,
Fechas asociadas al nombre 1903-1996
9 (RLIN) 73939
700 1# - ENTRADA AGREGADA--NOMBRE PERSONAL
Nombre de persona Paso, Alfonso
9 (RLIN) 89420
700 1# - ENTRADA AGREGADA--NOMBRE PERSONAL
Nombre de persona Rodríguez Buded, Ricardo.
9 (RLIN) 98386
700 1# - ENTRADA AGREGADA--NOMBRE PERSONAL
Nombre de persona Olmo, Lauro,
Fechas asociadas al nombre 1922-1994
9 (RLIN) 86974
700 0# - ENTRADA AGREGADA--NOMBRE PERSONAL
Nombre de persona Mañas, Alfredo.
9 (RLIN) 76254
740 02 - ENTRADA AGREGADA--TÍTULO RELACIONADO/ANALÍTICO NO CONTROLADO
Título relacionado o analítico no controlado Esta noche, tampoco.
740 02 - ENTRADA AGREGADA--TÍTULO RELACIONADO/ANALÍTICO NO CONTROLADO
Título relacionado o analítico no controlado Rebelde.
740 32 - ENTRADA AGREGADA--TÍTULO RELACIONADO/ANALÍTICO NO CONTROLADO
Título relacionado o analítico no controlado El charlatán.
740 32 - ENTRADA AGREGADA--TÍTULO RELACIONADO/ANALÍTICO NO CONTROLADO
Título relacionado o analítico no controlado La camisa.
740 02 - ENTRADA AGREGADA--TÍTULO RELACIONADO/ANALÍTICO NO CONTROLADO
Título relacionado o analítico no controlado La historia de los tarantos.
830 0# - PUNTO DE ACCESO ADICIONAL DE SERIE-TÍTULO UNIFORME
Título uniforme Colección literaria. Novelistas, dramaturgos, ensayistas, poetas
9 (RLIN) 183856
852 ## - LOCALIZACIÓN
Ubicación ES-MaACL
Número de control de estantería E-15347
Encuadernación Olim P-83
Holdings
Estatus retirado Estado de pérdida Estado de daño No para préstamo Biblioteca de origen Biblioteca actual Ubicación en estantería Fecha de adquisición Fuente de adquisición Total de préstamos Signatura topográfica completa Código de barras Visto por última vez Precio de reemplazo Tipo de ítem Koha
        Biblioteca del Ateneo de Madrid Biblioteca del Ateneo de Madrid Depósito 2 08/06/2011     E-15347 1187588 23/02/2023 23/02/2023 Libro impreso